| 000 | 01187nam a2200265 a 4500 | ||
|---|---|---|---|
| 001 | 71078 | ||
| 003 | BD-RjUL | ||
| 005 | 20211209082056.0 | ||
| 008 | 170424s2005 bg a|||| b||| 00| 0 ben d | ||
| 020 | _c: TK. 160.00 | ||
| 035 | _a(BD-RjUL)71293 | ||
| 040 |
_aBD-RjUL _bben _cBD-RjUL _dBD-RjUL |
||
| 041 | _aben | ||
| 082 |
_223 _a615.321 _bSAS 2005 |
||
| 245 |
_aস্বাস্থ্য পরিচর্যায় ভেষজ উদ্ভিদ=Medicinal Plants in the Health Care / _cজসিম উদ্দিন চৌধুরী.....[অন্যান্য].. |
||
| 260 |
_aচট্টগ্রাম : _bবিসিএসআইআর গবেষণাগার, _c২০০৫. |
||
| 300 |
_a১৯৫ পৃ. : _bচিত্র. ; _c২৪ সে.মি. |
||
| 504 | _aগ্রস্থপঞ্জি সংযুক্ত. | ||
| 650 |
_aউদ্ভিদ থেকে প্রাপ্ত ড্রাগ _9210305 |
||
| 650 |
_aDrugs Derived from Plants _9203413 |
||
| 650 |
_aভেষজ উদ্ভিদ _9161041 |
||
| 650 |
_aMedicinal Plants _9211462 |
||
| 700 |
_aচৌধুরী, জসিম উদ্দিন _9210306 |
||
| 942 |
_2ddc _cBK |
||
| 999 |
_c71078 _d71078 |
||